| 000 | 005970000a22001810004500 | ||
|---|---|---|---|
| 003 | MACL | ||
| 005 | 20160506164148.0 | ||
| 008 | 160506b xxu||||| |||| 00| 0 eng d | ||
| 040 |
_aMACL _cMACL |
||
| 041 | _aHindi | ||
| 082 | _a800 VYA | ||
| 100 |
_aव्यास, राजशेखर _941397 |
||
| 245 |
_aभगतसिंह की जेल डायरी _cराजशेखर व्यास |
||
| 260 |
_bप्रवीण प्रकाशन _c2008 _aनई दिल्ली |
||
| 350 | _a250 | ||
| 650 |
_aडायरी _936754 |
||
| 942 |
_cHIN _k800/VYA _2ddc |
||
| 999 |
_c45835 _d45835 |
||